Использование глинистых материалов в создании барьера безопасности для выводимого из эксплуатации реактора АД; Энергетика: эффективность, надежность, безопасность; Т. 1

書目詳細資料
Parent link:Энергетика: эффективность, надежность, безопасность: материалы XXI Всероссийской научно-технической конференции, 2-4 декабря 2015 г., Томск/ Национальный исследовательский Томский политехнический университет (ТПУ) [и др.] ; ред. кол. В. В. Литвак [и др.].— , 2015
Т. 1.— 2015.— [С. 269-273]
主要作者: Чубреев Д. О. Дмитрий Олегович
企業作者: Национальный исследовательский Томский политехнический университет (ТПУ) Энергетический институт (ЭНИН) Кафедра теоретической и промышленной теплотехники (ТПТ)
其他作者: Антоненко М. В., Кузнецов Г. В. Гений Владимирович
總結:Заглавие с титульного экрана
語言:俄语
出版: 2015
叢編:Эффективность теплоэнергетических установок и систем
主題:
在線閱讀:http://earchive.tpu.ru/handle/11683/14781
http://www.lib.tpu.ru/fulltext/c/2015/C15/V1/106.pdf
格式: 電子 Book Chapter
KOHA link:https://koha.lib.tpu.ru/cgi-bin/koha/opac-detail.pl?biblionumber=616560

MARC

LEADER 00000naa2a2200000 4500
001 616560
005 20241015140244.0
035 |a (RuTPU)RU\TPU\conf\14811 
090 |a 616560 
100 |a 20160112d2015 k y0rusy50 ca 
101 0 |a rus 
102 |a RU 
105 |a y z 101zy 
135 |a drgn ---uucaa 
181 0 |a i  
182 0 |a b 
200 1 |a Использование глинистых материалов в создании барьера безопасности для выводимого из эксплуатации реактора АД  |f Д. О. Чубреев, М. В. Антоненко, Г. В. Кузнецов 
203 |a Текст  |c электронный 
225 1 |a Эффективность теплоэнергетических установок и систем 
300 |a Заглавие с титульного экрана 
320 |a [Библиогр.: с. 273 (8 назв.)] 
337 |a Adobe Reader 
461 1 |0 (RuTPU)RU\TPU\conf\14426  |t Энергетика: эффективность, надежность, безопасность  |o материалы XXI Всероссийской научно-технической конференции, 2-4 декабря 2015 г., Томск  |o в 2 т.  |f Национальный исследовательский Томский политехнический университет (ТПУ) [и др.] ; ред. кол. В. В. Литвак [и др.]  |d 2015 
463 0 |0 (RuTPU)RU\TPU\conf\14432  |t Т. 1  |v [С. 269-273]  |d 2015 
610 1 |a труды учёных ТПУ 
610 1 |a электронный ресурс 
610 1 |a глинистые материалы 
610 1 |a безопасность 
610 1 |a эксплуатация 
610 1 |a реакторы 
610 1 |a уран-графитовые реакторы 
610 1 |a уран-графитовые ядерные реакторы 
700 1 |a Чубреев  |b Д. О.  |c специалист в области ядерных технологий  |c начальник сектора Томского политехнического университета, кандидат физико-математических наук  |f 1989-  |g Дмитрий Олегович  |y Томск  |9 88558 
701 1 |a Антоненко  |b М. В. 
701 1 |a Кузнецов  |b Г. В.  |c специалист в области теплоэнергетики  |c профессор Томского политехнического университета, доктор физико-математических наук  |f 1949-  |g Гений Владимирович  |3 (RuTPU)RU\TPU\pers\25528  |9 11458 
712 0 2 |a Национальный исследовательский Томский политехнический университет (ТПУ)  |b Энергетический институт (ЭНИН)  |b Кафедра теоретической и промышленной теплотехники (ТПТ)  |3 (RuTPU)RU\TPU\col\18679 
801 2 |a RU  |b 63413507  |c 20210127  |g RCR 
856 4 |u http://earchive.tpu.ru/handle/11683/14781 
856 4 |u http://www.lib.tpu.ru/fulltext/c/2015/C15/V1/106.pdf 
942 |c BK